[Event "FRA-chT2 1011"]
[Site "France"]
[Date "2010.11.13"]
[Round "2.6"]
[White "Bentout, Pascal"]
[Black "Griggio, Laurent"]
[Result "1-0"]
[WhiteElo "2151"]
[BlackElo "1846"]
[PlyCount "127"]
[EventDate "2010.10.17"]
[EventType "team-tourn"]
[EventRounds "11"]
[EventCountry "FRA"]
[SourceTitle "EXT 2012"]
[Source "ChessBase"]
[SourceDate "2011.11.24"]
[SourceVersion "1"]
[SourceVersionDate "2011.11.24"]
[SourceQuality "1"]

1. d4 Nf6 2. Nf3 g6 3. g3 b6 4. c4 Bg7 5. Nc3 0-0 6. Bg2 Bb7 7. 0-0 Ne4 8. Qc2 Nxc3 9. bxc3 d6 10. e4 Nc6 11. Rd1 e5 12. c5 dxc5 13. dxc5 Qe8 14. a4 Qe6 15. cxb6 cxb6 16. Ng5 Qc8 17. Ba3 Rd8 18. Qa2 Rxd1+ 19. Rxd1 Qe8 20. Nxf7 Qxf7 21. Qxf7+ Kxf7 22. Rd7+ Kg8 23. Rxb7 Na5 24. Rc7 Rd8 25. Bh3 a6 26. Be6+ Kh8 27. Bb4 Bf8 28. Bd5 Rb8 29. Rf7 Bc5 30. Kg2 Rc8 31. Ra7 Nc6 32. Bxc6 Rxc6 33. Rxa6 Rc7 34. Bxc5 Rxc5 35. Rxb6 Rxc3 36. a5 Ra3 37. Rb5 Kg7 38. Rxe5 Kf6 39. Rb5 Ke6 40. f4 h5 41. h4 Re3 42. Rb6+ Kf7 43. e5 Ra3 44. a6 Ra4 45. Kh3 Ra3 46. Rb7+ Ke6 47. Rb6+ Kf7 48. Rf6+ Kg7 49. f5 gxf5 50. Rxf5 Kg6 51. Rg5+ Kh6 52. e6 Rxa6 53. Re5 Ra8 54. Kg2 Kg6 55. e7 Re8 56. Kf3 Kf6 57. Kf4 Kf7 58. Kf5 Kg7 59. Ke6 Ra8 60. Rg5+ Kh6 61. Kf7 Ra7 62. Kf8 Ra6 63. e8Q Rf6+ 64. Qf7 1-0

[Event "FRA-chT2 1011"]
[Site "France"]
[Date "2010.10.17"]
[Round "1.5"]
[White "Saliou, Jean Yves"]
[Black "Bentout, Pascal"]
[Result "1/2-1/2"]
[WhiteElo "2006"]
[BlackElo "2151"]
[PlyCount "64"]
[EventDate "2010.10.17"]
[EventType "team-tourn"]
[EventRounds "11"]
[EventCountry "FRA"]
[SourceTitle "EXT 2012"]
[Source "ChessBase"]
[SourceDate "2011.11.24"]
[SourceVersion "1"]
[SourceVersionDate "2011.11.24"]
[SourceQuality "1"]

1. e4 e5 2. Nf3 Nc6 3. d4 exd4 4. Nxd4 Nf6 5. Nc3 Bb4 6. Nxc6 bxc6 7. Bd3 d5 8. 0-0 0-0 9. exd5 cxd5 10. Bg5 c6 11. Qf3 Re8 12. Rfe1 Be6 13. Qf4 Bd6 14. Qh4 h6 15. Bxf6 Qxf6 16. Qxf6 gxf6 17. Ne2 Be5 18. c3 Rab8 19. Rab1 c5 20. Ng3 Kf8 21. Nh5 Bg4 22. Ng3 c4 23. Bf5 Bxg3 24. Rxe8+ Kxe8 25. Bxg4 Be5 26. Bf5 d4 27. cxd4 Bxd4 28. b3 c3 29. Kf1 Rb5 30. Bc2 Ke7 31. Rd1 Be5 32. g3 Rc5 1/2-1/2

[Event "Oberliga Sued W 0910"]
[Site "Germany"]
[Date "2009.12.13"]
[Round "4.5"]
[White "Kessler, Joerg"]
[Black "Bentout, Pascal"]
[Result "0-1"]
[WhiteElo "1847"]
[BlackElo "2160"]
[PlyCount "78"]
[EventDate "2009.10.18"]
[EventType "team-tourn"]
[EventRounds "9"]
[EventCountry "GER"]
[SourceTitle "EXT 2011"]
[Source "ChessBase"]
[SourceDate "2010.11.26"]
[SourceVersion "1"]
[SourceVersionDate "2010.11.26"]
[SourceQuality "1"]
[WhiteTeam "Wadgassen/Differten"]
[BlackTeam "Saarbruecken"]
[WhiteTeamCountry "GER"]
[BlackTeamCountry "GER"]

1. e4 e5 2. Nf3 Nc6 3. Bb5 Nge7 4. 0-0 g6 5. d4 exd4 6. Nxd4 Bg7 7. Nxc6 bxc6 8. Bd3 Rb8 9. c3 0-0 10. Qc2 d6 11. Be3 c5 12. Nd2 Be6 13. f4 f5 14. e5 Nd5 15. Rae1 Re8 16. Nf3 h6 17. Bc1 Nb6 18. c4 d5 19. cxd5 Qxd5 20. b3 c4 21. bxc4 Nxc4 22. Rd1 Bf8 23. Nh4 Kh7 24. Nxf5 Qc5+ 25. Kh1 gxf5 26. Bxf5+ Kh8 27. Bxe6 Rxe6 28. Rd7 Re7 29. Rfd1 Qc6 30. Qf5 Rg7 31. Rxg7 Bxg7 32. e6 Nd6 33. Qh3 Qc2 34. Rf1 Qe2 35. g4 Qxe6 36. f5 Qe4+ 37. Rf3 Rb1 38. f6 Rxc1+ 39. Kg2 Rc2+ 0-1

[Event "FRA-chT2 0910"]
[Site "France"]
[Date "2009.11.22"]
[Round "4.6"]
[White "Bentout, Pascal"]
[Black "Heinrich, Nicolas"]
[Result "1-0"]
[WhiteElo "2160"]
[BlackElo "1955"]
[PlyCount "111"]
[EventDate "2009.09.27"]
[EventType "team-tourn"]
[EventRounds "11"]
[EventCountry "FRA"]
[SourceTitle "EXT 2011"]
[Source "ChessBase"]
[SourceDate "2010.11.26"]
[SourceVersion "1"]
[SourceVersionDate "2010.11.26"]
[SourceQuality "1"]

1. d4 d5 2. Nf3 e6 3. c4 c6 4. e3 f5 5. Nc3 Nf6 6. Bd3 Bd6 7. Qc2 Ne4 8. 0-0 Qf6 9. cxd5 exd5 10. Nxd5 Qg6 11. Nf4 Bxf4 12. exf4 0-0 13. Ne5 Qd6 14. Be3 Be6 15. Rad1 Qb4 16. a3 Qb3 17. Qxb3 Bxb3 18. Rc1 Rd8 19. f3 Nd6 20. Rfe1 Nd7 21. Bf2 Nf6 22. Rc3 Bf7 23. Rc5 Nd5 24. g3 Re8 25. b4 a6 26. Rb1 g6 27. a4 Kg7 28. b5 axb5 29. axb5 Rec8 30. bxc6 bxc6 31. Nxc6 Ra3 32. Ne5 Nc3 33. Rb6 Rd8 34. Rcc6 Ne8 35. Rb7 Nd6 36. Nxf7 Nxb7 37. Rc7 Rda8 38. Ng5+ Kf8 39. Nxh7+ Ke8 40. Rxb7 Ra1+ 41. Kg2 R8a2 42. Nf6+ Kd8 43. Rd7+ Kc8 44. Re7 Kd8 45. Re8+ Kc7 46. Re5 Kd6 47. g4 Rd2 48. Bc4 Ra4 49. Re6+ Kc7 50. Nd5+ Nxd5 51. Bxd5 Raxd4 52. gxf5 gxf5 53. Bb3 R4d3 54. Bc4 Rd4 55. Be2 Rxf4 56. Bg3 1-0

[Event "Oberliga Sued W 0708"]
[Site "Germany"]
[Date "2007.11.25"]
[Round "3.5"]
[White "Bentout, Pascal"]
[Black "Bureik, Matthias"]
[Result "0-1"]
[WhiteElo "2114"]
[BlackElo "2159"]
[PlyCount "126"]
[EventDate "2007.10.21"]
[EventType "team-tourn"]
[EventRounds "9"]
[EventCountry "GER"]
[SourceTitle "EXT 2009"]
[Source "ChessBase"]
[SourceDate "2008.11.26"]
[SourceVersion "1"]
[SourceVersionDate "2008.11.26"]
[SourceQuality "1"]
[WhiteTeam "Saarbruecken Gambit"]
[BlackTeam "Saarbruecken SVG"]
[WhiteTeamCountry "GER"]
[BlackTeamCountry "GER"]

1. d4 f5 2. Bg5 g6 3. Nc3 Nf6 4. h4 h6 5. Bxf6 exf6 6. Nh3 Nc6 7. Nf4 Ne7 8. e4 d6 9. Bc4 h5 10. Ncd5 Bg7 11. exf5 Bxf5 12. Qe2 c6 13. Ne3 Qa5+ 14. c3 0-0-0 15. Be6+ Kb8 16. 0-0 Bh6 17. b4 Qa3 18. Nxf5 gxf5 19. Nxh5 Qxc3 20. Rfd1 Ng6 21. g3 Nxh4 22. gxh4 Qh3 23. Ng3 Rde8 24. Re1 Qxh4 25. Qh5 Qxh5 26. Nxh5 Bd2 27. Nxf6 Bxe1 28. Nxe8 Bc3 29. Rc1 Rxe8 30. Bxf5 Bxd4 31. Rc2 Re5 32. Bd3 Re1+ 33. Kg2 Rd1 34. Be2 Rb1 35. Rc4 Be5 36. a4 Rb2 37. Kf3 d5 38. Rg4 Kc7 39. Ke3 Bc3 40. b5 Ra2 41. Kd3 d4 42. Rg7+ Kb6 43. Bg4 Rxa4 44. bxc6 bxc6 45. Rg6 Ra2 46. f4 Rf2 47. Ke4 a5 48. Bd7 a4 49. Rxc6+ Kb7 50. Rh6 a3 51. Bc6+ Kc7 52. Bd5 a2 53. Bxa2 Rxa2 54. Kd5 Ra5+ 55. Ke4 Kd7 56. Rg6 Ra1 57. Rg5 Re1+ 58. Kf3 Re3+ 59. Kf2 Ke6 60. Rb5 Be1+ 61. Kf1 Bg3 62. f5+ Kf6 63. Rd5 Be5 0-1

[Event "Paris Apsap op 47th"]
[Site "Paris"]
[Date "2003.??.??"]
[Round "4"]
[White "Bentout, Pascal"]
[Black "Van den Baviere, Jean Sebastien"]
[Result "1-0"]
[WhiteElo "1990"]
[BlackElo "1790"]
[PlyCount "61"]
[EventDate "2003.??.??"]
[EventType "swiss"]
[EventRounds "7"]
[EventCountry "FRA"]
[SourceTitle "EXT 2008"]
[Source "ChessBase"]
[SourceDate "2007.11.25"]
[SourceVersion "1"]
[SourceVersionDate "2007.11.25"]
[SourceQuality "1"]

1. d4 Nf6 2. c4 e6 3. Nf3 b6 4. Nc3 Bb7 5. Qc2 d5 6. e3 Be7 7. b3 0-0 8. Be2 c5 9. 0-0 Nbd7 10. Bb2 Qc7 11. Rac1 Rac8 12. Rfd1 cxd4 13. Nxd4 Bd6 14. h3 h6 15. cxd5 exd5 16. Qf5 Qb8 17. Bf3 Ne5 18. g4 Qa8 19. Bg2 Rfe8 20. Nce2 Rxc1 21. Rxc1 Ne4 22. Bxe4 dxe4 23. Qh5 Qd8 24. g5 Qd7 25. Ng3 g6 26. Qh4 Bc5 27. Nxe4 Nf3+ 28. Nxf3 Rxe4 29. Qg3 Rxe3 30. Rxc5 Re8 31. Re5 1-0

[Event "Paris Apsap op 47th"]
[Site "Paris"]
[Date "2003.??.??"]
[Round "5"]
[White "Valenca, Mathieu"]
[Black "Bentout, Pascal"]
[Result "0-1"]
[WhiteElo "1840"]
[BlackElo "1990"]
[PlyCount "38"]
[EventDate "2003.??.??"]
[EventType "swiss"]
[EventRounds "7"]
[EventCountry "FRA"]
[SourceTitle "EXT 2008"]
[Source "ChessBase"]
[SourceDate "2007.11.25"]
[SourceVersion "1"]
[SourceVersionDate "2007.11.25"]
[SourceQuality "1"]

1. e4 c5 2. Nf3 d6 3. d4 cxd4 4. Nxd4 Nf6 5. Nc3 e6 6. Be3 a6 7. a4 Be7 8. Be2 Nc6 9. 0-0 0-0 10. Qd2 Nxd4 11. Bxd4 e5 12. Be3 Be6 13. Rfd1 Qc7 14. Bg5 Rfd8 15. Bxf6 Bxf6 16. Rac1 h6 17. g3 d5 18. exd5 Bg5 19. d6 Qb6 0-1